Welcome to CU Library Online Public Access Catalogue (OPAC)

Introduction to J++ (Version 6.0) : (Record no. 736)

MARC details
000 -LEADER
fixed length control field 00613cam a22001814a 4500
001 - CONTROL NUMBER
control field 4047455
005 - DATE AND TIME OF LATEST TRANSACTION
control field 20241106171354.0
008 - FIXED-LENGTH DATA ELEMENTS--GENERAL INFORMATION
fixed length control field 990211s2000 njua 001 0 eng
020 ## - INTERNATIONAL STANDARD BOOK NUMBER
International Standard Book Number 9780139178993
050 00 - LIBRARY OF CONGRESS CALL NUMBER
Classification number QA76.73.J38
Item number G662 2000
082 00 - DEWEY DECIMAL CLASSIFICATION NUMBER
Classification number 005.13/3
Edition information 21
100 1# - MAIN ENTRY--PERSONAL NAME
Personal name Goody, Roy W.
245 10 - TITLE STATEMENT
Title Introduction to J++ (Version 6.0) :
Remainder of title applications and applets, JDK 1.2 compliant /
Statement of responsibility, etc. Roy W. Goody.
260 ## - PUBLICATION, DISTRIBUTION, ETC.
Place of publication, distribution, etc. Upper Saddle River, NJ :
Name of publisher, distributor, etc. Prentice Hall,
Date of publication, distribution, etc. 2000.
300 ## - PHYSICAL DESCRIPTION
Extent xxi, 490 p. :
Other physical details ill. ;
Dimensions 28 cm. +
Accompanying material 2 computer disks (3 1/2 in.)
650 #0 - SUBJECT ADDED ENTRY--TOPICAL TERM
Topical term or geographic name entry element Java (Computer program language)
942 ## - ADDED ENTRY ELEMENTS (KOHA)
Source of classification or shelving scheme Library of Congress Classification
Koha item type Books
Suppress in OPAC No
999 ## -
-- 736
-- 736
Holdings
Withdrawn status Lost status Source of classification or shelving scheme Damaged status Not for loan Collection Home library Current library Shelving location Date acquired Total checkouts Full call number Barcode Date last seen Copy number Price effective from Koha item type
    Library of Congress Classification     Non-fiction Science Library (Miotso) Science Library (Miotso) General stacks 11/06/2024   QA76.73 .J38 GOO SLM00000395 11/06/2024 1 11/06/2024 Books
© 2023-2024 Copyright: Central University Libraries. All Rights Reserved | Created by: Mahone Tech Office